WM 2026- Teilnehmer - Statistiken

Allgemein
  • Dieses Quiz wurde 349 mal gespielt
  • Das Durchschnittsergebnis liegt bei 38 aus 48
Antwortstatistiken
Team % Korrekt
Kanada
98%
Mexiko
98%
Vereinigte Staaten
98%
Deutschland
97%
Spanien
97%
Frankreich
94%
Argentinien
93%
Brasilien
93%
Portugal
93%
Schweden
93%
Japan
92%
Schweiz
92%
Österreich
90%
Südkorea
90%
England
89%
Norwegen
89%
Marokko
87%
Belgien
86%
Niederlande
86%
Australien
85%
Iran
83%
Bosnien und Herzegowina
82%
Türkei
82%
Ecuador
81%
Kolumbien
81%
Südafrika
81%
Curacao
80%
Ägypten
79%
Elfenbeinküste
79%
Neuseeland
79%
Tschechien
79%
Uruguay
79%
Kroatien
77%
Senegal
77%
Saudi-Arabien
76%
Irak
75%
Katar
72%
Algerien
71%
Ghana
69%
Schottland
69%
Haiti
64%
Panama
64%
Paraguay
62%
DR Kongo
58%
Tunesien
58%
Usbekistan
53%
Kap Verde
51%
Jordanien
45%
Keine übereinstimmenden Quizze gefunden
Verteilung der Resultate
Anzahl Personen mit jedem Resultat
Perzentil nach korrekt beantworteten Fragen
Ihre Resultats-Entwicklung
Sie haben dieses Quiz noch nicht gespielt